| 000 | 01136cad a22002775a 4500 | ||
|---|---|---|---|
| 001 | L155541 | ||
| 008 | 120327e20120217xxkd f s 000 0 eng d | ||
| 035 | _a(Sirsi) u155541 | ||
| 041 | 0 | _aeng | |
| 110 | 2 |
_aRoyal Institution of Chartered Surveyors _bEconomics _95033 |
|
| 245 | 0 | 0 |
_aRICS global real estate weekly _b16 March 2012 _h[electronic resource] |
| 260 |
_aLondon _bRICS _c2012 |
||
| 490 | 0 |
_aRICS Global Real Estate Weekly _v16 March 2012 |
|
| 520 | _aEuro area construction outlook still bad, but not as bad. US housing activity trending upwards. Macro indicators confirm softening in Hong Kong property market. Don't expect the unexpected in UK budget announcement. | ||
| 590 | _aKA | ||
| 650 | 2 | 4 | _aRICS GLOBAL REAL ESTATE WEEKLY |
| 651 | 4 | _aUnited States | |
| 651 | 4 | _aEurope | |
| 651 | 4 | _aHong Kong | |
| 651 | 4 | _aUnited States | |
| 690 |
_aResidential property _96266 |
||
| 690 |
_aCommercial property _96227 |
||
| 690 |
_aConstruction management _96230 |
||
| 856 | 4 | 0 |
_uhttps://www.rics.org/site/download_feed.aspx?fileID=11636&fileExtension=PDF _zView the report free of charge at www.rics.org |
| 942 | _n0 | ||
| 999 |
_c113646 _d113646 |
||